[Event "I Trofeo Antica Scuola Napoletana"]
[Site "Napoli "]
[Date "2013.03.21"]
[Round "5"]
[White "Cocchia, Umberto"]
[Black "Capone, Vincenzo"]
[Result "0-1"]
[WhiteElo "1891"]
[BlackElo "2185"]
[PlyCount "120"]
[EventDate "2013.02.21"]
[EventType "swiss"]
[EventRounds "7"]
[EventCountry "ITA"]
[SourceDate "2005.09.12"]

1. e4 c5 2. Nf3 d6 3. d4 cxd4 4. Nxd4 Nf6 5. Nc3 Nc6 6. Be2 g6 7. Be3 Bg7 8.
Qd2 Ng4 9. Bxg4 Bxg4 10. f3 Bd7 11. O-O-O Ne5 12. Qe2 Rc8 13. Kb1 Nc4 14. Rd3
Nxe3 15. Qxe3 O-O 16. g4 Re8 17. h4 Qb6 18. Rhd1 Qc5 19. Nb3 Qxe3 20. Rxe3 Be5
21. Ne2 Rc7 22. f4 Bg7 23. g5 Bg4 24. Rd2 e5 25. Rc3 Rxc3 26. Nxc3 exf4 27.
Rxd6 Bxc3 28. bxc3 Rxe4 29. Nd2 Re1+ 30. Kb2 Rd1 31. Rd4 Bf5 32. Nf3 Rxd4 33.
cxd4 Be4 34. Nd2 Bg2 35. Kc3 f6 36. Kd3 fxg5 37. hxg5 b5 38. Ne4 Bf1+ 39. Kd2
Kg7 40. Nd6 b4 41. Ke1 Bg2 42. Nb5 a5 43. a4 Be4 44. c4 bxc3 45. Nxc3 Bc6 46.
Kf2 h6 47. d5 Bd7 48. gxh6+ Kxh6 49. d6 Bc6 50. Nb5 g5 51. Nd4 Bxa4 52. Nf5+
Kg6 53. Ne7+ Kf7 54. Kf3 Ke6 55. Ng6 Kxd6 56. Nxf4 gxf4 57. Kxf4 Kc5 58. Ke3
Kb4 59. Kd2 Ka3 60. Kc1 Ka2 0-1

[Event "I Trofeo Antica Scuola Napoletana"]
[Site "Napoli "]
[Date "2013.03.21"]
[Round "5"]
[White "De Meo, Guido"]
[Black "Taurisano, Vincenzo"]
[Result "0-1"]
[WhiteElo "1800"]
[BlackElo "1854"]
[PlyCount "104"]
[EventDate "2013.02.21"]
[EventType "swiss"]
[EventRounds "7"]
[EventCountry "ITA"]
[SourceDate "2005.09.12"]

1. d4 d5 2. c4 e6 3. Nc3 c5 4. cxd5 exd5 5. Nf3 Nc6 6. g3 Be7 7. Bg2 Nf6 8. O-O
O-O 9. Bg5 Be6 10. Bxf6 Bxf6 11. dxc5 Bxc3 12. bxc3 Qa5 13. Qc2 Qxc5 14. Ng5 g6
15. Nxe6 fxe6 16. Qb3 Na5 17. Qb4 Rac8 18. Qg4 Qe7 19. Rac1 Rc4 20. e4 Nc6 21.
Qe2 Qd6 22. Rfd1 Rc5 23. exd5 exd5 24. c4 d4 25. Bd5+ Kg7 26. Qe4 Qf6 27. f4
Ra5 28. Bxc6 bxc6 29. Qxd4 Qxd4+ 30. Rxd4 Rxa2 31. Rcd1 Re8 32. R4d2 Rxd2 33.
Rxd2 Ra8 34. Kf2 a5 35. Ra2 a4 36. Ke3 Kf6 37. Kd4 Ra5 38. Ra3 Kf5 39. c5 h5
40. Kc4 Ke4 41. Kb4 Ra8 42. h3 Kd4 43. Rxa4 Rxa4+ 44. Kxa4 Kxc5 45. g4 Kd4 46.
Kb4 Ke4 47. f5 gxf5 48. gxf5 Kxf5 49. Kc5 Kf4 50. Kxc6 Kg3 51. Kd5 Kxh3 52. Ke4
Kg2 0-1

[Event "I Trofeo Antica Scuola Napoletana"]
[Site "Napoli "]
[Date "2013.03.21"]
[Round "5"]
[White "Messina, Enrico"]
[Black "Condorelli, Pietro"]
[Result "1-0"]
[WhiteElo "2222"]
[BlackElo "1710"]
[PlyCount "47"]
[EventDate "2013.02.21"]
[EventType "swiss"]
[EventRounds "7"]
[EventCountry "ITA"]
[SourceDate "2005.09.12"]

1. e4 c5 2. d4 cxd4 3. c3 dxc3 4. Nxc3 Nc6 5. Bc4 e6 6. Nf3 Nf6 7. Qe2 Qc7 8.
e5 Ng4 9. Bf4 a6 10. O-O d6 11. Nd5 Qd8 12. Rad1 exd5 13. exd6+ Be6 14. Bxd5
Qd7 15. Ng5 Nf6 16. Nxe6 fxe6 17. Bxe6 O-O-O 18. Rc1 Kb8 19. Bxd7 Nxd7 20. Rfd1
g6 21. Bg5 Rc8 22. Qe6 Nce5 23. Rxc8+ Kxc8 24. Qe8# 1-0

[Event "I Trofeo Antica Scuola Napoletana"]
[Site "Napoli "]
[Date "2013.03.21"]
[Round "5"]
[White "Miccoli, Livio"]
[Black "Somma, Andrea"]
[Result "0-1"]
[WhiteElo "1614"]
[BlackElo "1923"]
[PlyCount "58"]
[EventDate "2013.02.21"]
[EventType "swiss"]
[EventRounds "7"]
[EventCountry "ITA"]
[SourceDate "2005.09.12"]

1. e4 d6 2. d4 Nd7 3. Nf3 e5 4. d5 Ngf6 5. Nbd2 g6 6. c4 a5 7. Bd3 Bg7 8. O-O
O-O 9. Qc2 Nc5 10. Nb3 Nxd3 11. Qxd3 Nh5 12. Bd2 b6 13. Rfe1 f5 14. Bc3 fxe4
15. Qxe4 Bf5 16. Qe2 Bg4 17. Nbd2 Nf4 18. Qf1 Bh6 19. Ne4 Bxf3 20. gxf3 Qh4 21.
Ng3 Nh3+ 22. Kh1 Rxf3 23. Re4 Bf4 24. Be1 Qh6 25. Qg2 Ng5 26. Rd1 Rf8 27. Re2
Bxg3 28. Bd2 Bf4 29. Be1 Rh3 0-1

[Event "I Trofeo Antica Scuola Napoletana"]
[Site "Napoli "]
[Date "2013.03.21"]
[Round "5"]
[White "Radice, Mario"]
[Black "Baltzopoulos, Giorgos"]
[Result "0-1"]
[WhiteElo "1913"]
[BlackElo "1957"]
[PlyCount "160"]
[EventDate "2013.02.21"]
[EventType "swiss"]
[EventRounds "7"]
[EventCountry "ITA"]
[SourceDate "2005.09.12"]

1. e4 c5 2. Nf3 d6 3. d3 Nc6 4. g3 g6 5. Bg2 Bg7 6. O-O Nf6 7. Nbd2 O-O 8. a4
h6 9. Re1 Be6 10. Nc4 d5 11. exd5 Nxd5 12. Nfe5 Nxe5 13. Nxe5 Qc7 14. Nxg6 Rfd8
15. Qe2 Nb4 16. Nf4 Bf5 17. Be4 Bxe4 18. dxe4 c4 19. Nh5 Bf8 20. Bf4 Qc5 21.
Be3 Qc6 22. f3 c3 23. b3 e5 24. Rad1 Qg6 25. g4 Nc6 26. Qc4 Nd4 27. Bxd4 exd4
28. Kg2 Rac8 29. Qe2 Qg5 30. Ng3 a6 31. Nf5 Bc5 32. Rd3 Rc7 33. Red1 Rcd7 34.
Qf2 b5 35. axb5 axb5 36. Qg3 Ba7 37. Qe5 Bb8 38. h4 Bxe5 39. hxg5 hxg5 40. Rh1
f6 41. Kf2 Ra8 42. Ke2 Ra2 43. Ne3 Rh7 44. Rxh7 Kxh7 45. Nf5 Rxc2+ 46. Kd1 Rf2
47. Nxd4 Bxd4 48. Rxd4 Rxf3 49. Kc2 Rg3 50. e5 fxe5 51. Re4 Kg6 52. Rxe5 Rxg4
53. Rxb5 Rg3 54. Rc5 g4 55. b4 Rf3 56. Rc8 g3 57. b5 Kf5 58. b6 g2 59. Rg8 Rf2+
60. Kxc3 Rf3+ 61. Kc4 Rf4+ 62. Kd5 Rg4 63. Rf8+ Kg5 64. Rg8+ Kf4 65. Rf8+ Ke3
66. b7 g1=Q 67. b8=Q Rd4+ 68. Ke6 Qg6+ 69. Ke7 Qg7+ 70. Ke6 Qd7+ 71. Kf6 Rf4+
72. Ke5 Qe7+ 73. Kd5 Qxf8 74. Qb3+ Kf2 75. Qc2+ Kg3 76. Qd3+ Rf3 77. Qg6+ Kf2
78. Qc2+ Kg1 79. Qc1+ Kh2 80. Qd2+ Rf2 0-1

[Event "I Trofeo Antica Scuola Napoletana"]
[Site "Napoli "]
[Date "2013.03.21"]
[Round "5"]
[White "Rosato, Luciano"]
[Black "Cosenza, Gianni"]
[Result "1-0"]
[WhiteElo "2212"]
[BlackElo "1957"]
[PlyCount "88"]
[EventDate "2013.02.21"]
[EventType "swiss"]
[EventRounds "7"]
[EventCountry "ITA"]
[SourceDate "2005.09.12"]

1. Nf3 d5 2. g3 c5 3. Bg2 Nc6 4. O-O e5 5. d3 Nf6 6. Bg5 Be7 7. Nc3 h6 8. Bxf6
Bxf6 9. e4 d4 10. Nd5 Be6 11. c4 dxc3 12. bxc3 O-O 13. c4 b6 14. Ne1 Nd4 15.
Nc2 Nxc2 16. Qxc2 Rc8 17. Rab1 g5 18. a4 Bg7 19. a5 bxa5 20. Rb7 Re8 21. Rfb1
Qd6 22. Rxa7 Rb8 23. Rxa5 Rxb1+ 24. Qxb1 Rb8 25. Rb5 Ra8 26. Rb6 Qd8 27. Bf1
Bf8 28. Qb2 Bd6 29. Ne3 Qd7 30. Be2 Bc7 31. Rb7 Qc6 32. Bg4 Rd8 33. Bxe6 fxe6
34. Qb5 Qd6 35. Qb1 Ba5 36. Qd1 Rd7 37. Rxd7 Qxd7 38. Qh5 Qxd3 39. Qg6+ Kf8 40.
Qf6+ Ke8 41. Qxe6+ Kd8 42. Qxe5 Bc3 43. Qd5+ Qxd5 44. exd5 Bd4 1-0

[Event "I Trofeo Antica Scuola Napoletana"]
[Site "Napoli "]
[Date "2013.03.21"]
[Round "5"]
[White "Schiappoli, Dario"]
[Black "Auletta, Angelo"]
[Result "0-1"]
[WhiteElo "1922"]
[BlackElo "2197"]
[PlyCount "88"]
[EventDate "2013.02.21"]
[EventType "swiss"]
[EventRounds "7"]
[EventCountry "ITA"]
[SourceDate "2005.09.12"]

1. e4 c5 2. Nf3 d6 3. d4 cxd4 4. Nxd4 Nf6 5. Nc3 a6 6. Bc4 e6 7. Bb3 b5 8. O-O
b4 9. Na4 Nxe4 10. Be3 Bb7 11. Qh5 g6 12. Qh3 Nc6 13. Rad1 Bg7 14. Bxe6 fxe6
15. Nxe6 Qe7 16. Nb6 Kf7 17. f3 Nf6 18. Ng5+ Kg8 19. Rfe1 Re8 20. Bf2 Ne5 21.
f4 Nfg4 22. Qb3+ Kf8 23. Nd5 Bxd5 24. Qxd5 Nxf2 25. Kxf2 h6 26. fxe5 hxg5 27.
exd6 Qf7+ 28. Qf3 Rxe1 29. Rxe1 Bd4+ 30. Kf1 Qxf3+ 31. gxf3 Bf6 32. Kg2 Kf7 33.
Re4 a5 34. c4 bxc3 35. bxc3 Rd8 36. Ra4 Bxc3 37. Rc4 Bb4 38. Rc7+ Kf6 39. d7
Ke7 40. Rc6 Rxd7 41. Rxg6 Rd2+ 42. Kh3 Bd6 43. Rxg5 Rxh2+ 44. Kg4 Rxa2 0-1

[Event "I Trofeo Antica Scuola Napoletana"]
[Site "Napoli "]
[Date "2013.03.21"]
[Round "5"]
[White "Solombrino, Giovanni"]
[Black "Esposito, Luca"]
[Result "0-1"]
[WhiteElo "1857"]
[BlackElo "2285"]
[PlyCount "74"]
[EventDate "2013.02.21"]
[EventType "swiss"]
[EventRounds "7"]
[EventCountry "ITA"]
[SourceDate "2005.09.12"]

1. e4 e5 2. Nf3 Nc6 3. d4 exd4 4. Nxd4 Bc5 5. Be3 Qf6 6. c3 Nge7 7. Be2 O-O 8.
O-O d5 9. Nxc6 Qxc6 10. Bxc5 Qxc5 11. Nd2 Qb6 12. exd5 Qxb2 13. Nc4 Qxc3 14.
Rc1 Qf6 15. Ne3 Qd6 16. Re1 Nf5 17. Nc4 Qf6 18. Bd3 c6 19. dxc6 Qxc6 20. Bxf5
Bxf5 21. Nd6 Qd7 22. Nxf5 Qxf5 23. Rc7 Rad8 24. Qe2 Rd7 25. Rc8 g6 26. g4 Qd5
27. Rxf8+ Kxf8 28. h4 Kg7 29. g5 h6 30. Qb2+ Qd4 31. Qxd4+ Rxd4 32. Re7 hxg5
33. Rxb7 Rg4+ 34. Kh2 Rxh4+ 35. Kg3 Ra4 36. Rb5 f5 37. Rb2 Ra3+ 0-1

[Event "I Trofeo Antica Scuola Napoletana"]
[Site "Napoli "]
[Date "2013.03.21"]
[Round "5"]
[White "Zinnai, Graziano Matteo"]
[Black "Seletsky, Grigory"]
[Result "0-1"]
[WhiteElo "2040"]
[BlackElo "2337"]
[PlyCount "122"]
[EventDate "2013.02.21"]
[EventType "swiss"]
[EventRounds "7"]
[EventCountry "ITA"]
[SourceDate "2005.09.12"]

1. e4 c5 2. Nf3 d6 3. c3 Nf6 4. Bd3 Nc6 5. Bc2 Bg4 6. d3 g6 7. Nbd2 Bg7 8. h3
Bxf3 9. Nxf3 O-O 10. O-O b5 11. Be3 Nd7 12. Qd2 b4 13. Bh6 bxc3 14. bxc3 Qa5
15. Bxg7 Kxg7 16. Bb3 e6 17. Rfd1 Rad8 18. Rac1 Nb6 19. d4 c4 20. Bc2 e5 21.
Nh4 h6 22. d5 Nb8 23. f4 N8d7 24. f5 Qc5+ 25. Kh1 Nf6 26. Rf1 Nh5 27. Kh2 Nd7
28. g3 Rb8 29. Rb1 Rxb1 30. Rxb1 Rb8 31. Rxb8 Nxb8 32. Kg2 Qa3 33. fxg6 fxg6
34. Bd1 Nf6 35. Be2 Nbd7 36. Bxc4 Nc5 37. Qc2 Nfxe4 38. Nxg6 Kxg6 39. Bd3 Qa4
40. Qxa4 Nxa4 41. Bxe4+ Kf6 42. c4 Nc3 43. Bc2 Nxa2 44. Kf3 Nb4 45. Bd1 Nd3 46.
Ke3 Nc5 47. Bc2 a5 48. h4 a4 49. Kd2 h5 50. Kc3 a3 51. Bd1 Ne4+ 52. Kb3 a2 53.
Kb2 Nxg3 54. Kxa2 e4 55. Kb2 e3 56. Bxh5 Nxh5 57. Kc3 Nf4 58. h5 Nxh5 59. Kd3
Ke5 60. Kxe3 Nf4 61. Kf3 Nd3 0-1

[Event "I Trofeo Antica Scuola Napoletana"]
[Site "Napoli "]
[Date "2013.04.04"]
[Round "6"]
[White "Auletta, Angelo"]
[Black "Messina, Enrico"]
[Result "1/2-1/2"]
[WhiteElo "2197"]
[BlackElo "2222"]
[PlyCount "48"]
[EventDate "2013.02.21"]
[EventType "swiss"]
[EventRounds "7"]
[EventCountry "ITA"]
[SourceDate "2005.09.12"]

1. e4 d6 2. d4 Nf6 3. Nc3 e5 4. Nge2 Nbd7 5. g3 Be7 6. Bg2 c6 7. O-O O-O 8. h3
Re8 9. g4 h5 10. g5 Nh7 11. h4 Ndf8 12. f4 Ng6 13. Qe1 Nxf4 14. Nxf4 exf4 15.
Bxf4 Bg4 16. Bf3 Bxf3 17. Rxf3 Nf8 18. Be3 Ng6 19. Qg3 Qd7 20. Rf5 Bd8 21. Raf1
Re7 22. Bf2 d5 23. Qf3 dxe4 24. Nxe4 Nxh4 1/2-1/2

[Event "I Trofeo Antica Scuola Napoletana"]
[Site "Napoli "]
[Date "2013.04.04"]
[Round "6"]
[White "Baltzopoulos, Giorgos"]
[Black "Zinnai, Graziano Matteo"]
[Result "1-0"]
[WhiteElo "1957"]
[BlackElo "2040"]
[PlyCount "117"]
[EventDate "2013.02.21"]
[EventType "swiss"]
[EventRounds "7"]
[EventCountry "ITA"]
[SourceDate "2005.09.12"]

1. d4 e6 2. c4 d5 3. Nc3 Be7 4. Bf4 c6 5. e3 Nf6 6. Qc2 O-O 7. h3 Nbd7 8. Nf3
Re8 9. O-O-O Qa5 10. Kb1 dxc4 11. Bxc4 Nb6 12. Bd3 Nbd5 13. Nxd5 exd5 14. Ne5
h6 15. g4 Ne4 16. f3 Ng5 17. h4 Ne6 18. Bh7+ Kf8 19. Qf5 Bf6 20. Qh5 Qc7 21. g5
Nxf4 22. exf4 Rxe5 23. fxe5 g6 24. Bxg6 fxg6 25. Qxg6 Bh8 26. Qxh6+ Bg7 27. Qg6
Qf7 28. Qxf7+ Kxf7 29. h5 Bf5+ 30. Kc1 Rh8 31. Rde1 Ke6 32. Kd2 Bf8 33. Ke3 b6
34. Kf4 Bb4 35. Re2 Bf8 36. Reh2 c5 37. h6 Bg6 38. Rc1 Be7 39. Kg4 a5 40. f4
Bf5+ 41. Kg3 Bf8 42. Kh4 a4 43. Rc3 c4 44. Kh5 Kf7 45. Rg2 Bg6+ 46. Kg4 Ke6 47.
f5+ Bxf5+ 48. Kh5 b5 49. Rf3 Bg7 50. Rgf2 Be4 51. Rf7 Bxe5 52. dxe5 Kxe5 53. g6
Rb8 54. Re7+ Kd4 55. Rg7 Rh8 56. h7 Ke3 57. Rf6 Bf3+ 58. Rxf3+ Kxf3 59. Rg8 1-0

[Event "I Trofeo Antica Scuola Napoletana"]
[Site "Napoli "]
[Date "2013.04.04"]
[Round "6"]
[White "Capone, Vincenzo"]
[Black "Rosato, Luciano"]
[Result "1-0"]
[WhiteElo "2185"]
[BlackElo "2212"]
[PlyCount "91"]
[EventDate "2013.02.21"]
[EventType "swiss"]
[EventRounds "7"]
[EventCountry "ITA"]
[SourceDate "2005.09.12"]

1. d4 d6 2. Nf3 g6 3. g3 Bg7 4. Bg2 Nc6 5. c4 Bg4 6. Nc3 Nf6 7. h3 Bxf3 8. Bxf3
O-O 9. Bg2 Nd7 10. O-O Nxd4 11. Bxb7 Rb8 12. Bg2 Ne5 13. b3 c5 14. Bd2 Qd7 15.
e3 Ne6 16. Qe2 Nc6 17. Rac1 Nb4 18. Rfd1 Rb6 19. Na4 Nxa2 20. Rc2 Nb4 21. Nxb6
axb6 22. Rcc1 Na2 23. Rb1 Nc3 24. Bxc3 Bxc3 25. Qc2 Ba5 26. h4 Nc7 27. Ra1 Qe6
28. Bf3 Qf6 29. Kg2 Rd8 30. h5 g5 31. Be4 h6 32. Qe2 Kh8 33. Qf3 Qxf3+ 34. Kxf3
Kg7 35. Ke2 e6 36. g4 Kf6 37. f4 d5 38. Bg2 gxf4 39. exf4 d4 40. Be4 e5 41. g5+
hxg5 42. fxg5+ Kxg5 43. Rg1+ Kh6 44. Raf1 Ne6 45. Rf6+ Kxh5 46. Bf3+ 1-0

[Event "I Trofeo Antica Scuola Napoletana"]
[Site "Napoli "]
[Date "2013.04.04"]
[Round "6"]
[White "Condorelli, Pietro"]
[Black "Buiano, Fabio"]
[Result "0-1"]
[WhiteElo "1710"]
[BlackElo "2036"]
[PlyCount "48"]
[EventDate "2013.02.21"]
[EventType "swiss"]
[EventRounds "7"]
[EventCountry "ITA"]
[SourceDate "2005.09.12"]

1. e4 c5 2. Nf3 g6 3. c3 Bg7 4. d4 cxd4 5. Nxd4 Nc6 6. Nxc6 bxc6 7. Bc4 Nf6 8.
e5 Nd5 9. Bxd5 cxd5 10. Qxd5 Rb8 11. O-O Bb7 12. Qd4 O-O 13. Bf4 d6 14. Qxa7
dxe5 15. Bg3 f5 16. f4 exf4 17. Bxf4 e5 18. Be3 Qd5 19. Rf2 Qd1+ 20. Rf1 Qg4
21. Rf2 f4 22. Bc5 Bxg2 23. Rxg2 Qd1+ 24. Kf2 Rxb2+ 0-1

[Event "I Trofeo Antica Scuola Napoletana"]
[Site "Napoli "]
[Date "2013.04.04"]
[Round "6"]
[White "Cosenza, Gianni"]
[Black "Cocchia, Umberto"]
[Result "1-0"]
[WhiteElo "1957"]
[BlackElo "1891"]
[PlyCount "41"]
[EventDate "2013.02.21"]
[EventType "swiss"]
[EventRounds "7"]
[EventCountry "ITA"]
[SourceDate "2005.09.12"]

1. e4 d5 2. exd5 Nf6 3. Bb5+ Bd7 4. Be2 Nxd5 5. d4 Bf5 6. a3 e6 7. c4 Nb6 8.
Be3 Be7 9. Nc3 O-O 10. h3 Nc6 11. Nf3 Bf6 12. g4 Bg6 13. h4 h6 14. g5 hxg5 15.
hxg5 Be7 16. Bd3 e5 17. d5 Bxd3 18. Qxd3 g6 19. Qe4 Nd4 20. Nxd4 exd4 21. Qh4
1-0

[Event "I Trofeo Antica Scuola Napoletana"]
[Site "Napoli "]
[Date "2013.04.04"]
[Round "6"]
[White "Di Gennaro, Antonio"]
[Black "Solombrino, Giovanni"]
[Result "1/2-1/2"]
[WhiteElo "1660"]
[BlackElo "1857"]
[PlyCount "79"]
[EventDate "2013.02.21"]
[EventType "swiss"]
[EventRounds "7"]
[EventCountry "ITA"]
[SourceDate "2005.09.12"]

1. e4 c5 2. Nf3 Nc6 3. d4 cxd4 4. Nxd4 g6 5. c4 Nf6 6. Nc3 Nxd4 7. Qxd4 d6 8.
Bg5 Bg7 9. Qd2 O-O 10. Bd3 Be6 11. O-O Rc8 12. b3 Nd7 13. Rac1 Ne5 14. Bb1 f6
15. Bh6 Bf7 16. Bxg7 Kxg7 17. h3 Qa5 18. Rfd1 Nc6 19. Qf4 e5 20. Qd2 a6 21. Nd5
Qxd2 22. Rxd2 Bxd5 23. exd5 Nd4 24. f4 Rf7 25. fxe5 fxe5 26. Rf1 a5 27. Rxf7+
Kxf7 28. Rf2+ Ke7 29. Bd3 b6 30. Rb2 Kd7 31. Be2 Rf8 32. Bd3 Nf5 33. Rf2 Ke7
34. a3 Nd4 35. Rb2 Kd7 36. b4 axb4 37. Rxb4 Kc7 38. Ra4 Kb7 39. Rb4 Kc7 40. Ra4
1/2-1/2

[Event "I Trofeo Antica Scuola Napoletana"]
[Site "Napoli "]
[Date "2013.04.04"]
[Round "6"]
[White "Di Meo, Antonio"]
[Black "De Meo, Guido"]
[Result "1-0"]
[WhiteElo "1913"]
[BlackElo "1800"]
[PlyCount "137"]
[EventDate "2013.02.21"]
[EventType "swiss"]
[EventRounds "7"]
[EventCountry "ITA"]
[SourceDate "2005.09.12"]

1. g4 g6 2. g5 e5 3. d3 d5 4. Bg2 c6 5. Nf3 Qc7 6. Nbd2 Be6 7. b3 Bg7 8. Bb2
Nd7 9. c4 d4 10. b4 Ne7 11. Rb1 O-O 12. Bc1 Rab8 13. h4 Bg4 14. Ne4 f5 15. gxf6
Nxf6 16. Nxf6+ Bxf6 17. Bh6 Rfe8 18. Ng5 Nf5 19. Ne4 Bg7 20. Bg5 Nd6 21. Qd2
Nxe4 22. Bxe4 Qd7 23. f3 Bf5 24. h5 Bxe4 25. fxe4 gxh5 26. Kd1 Qf7 27. Kc2 Rbc8
28. Rbg1 Kh8 29. Rf1 Qg6 30. Rhg1 Qe6 31. Kb2 Rf8 32. Rxf8+ Rxf8 33. Bh4 Bh6
34. Qe1 Qf7 35. Qg3 Qf4 36. Qe1 b5 37. Bg3 Qf6 38. Rg2 Bf4 39. Bh4 Qe6 40. c5
h6 41. Qg1 Qf7 42. Rg6 Be3 43. Bf6+ Qxf6 44. Rxf6 Rxf6 45. Qh2 Bf4 46. Qxh5 Kg7
47. Qe8 h5 48. Qxh5 Rg6 49. Qf3 Rf6 50. Qg4+ Kf7 51. Qd7+ Kg6 52. Qxa7 Kh5 53.
a4 bxa4 54. Qxa4 Bd2 55. Kb3 Kg4 56. Qa8 Bf4 57. Kc4 Kg3 58. b5 cxb5+ 59. Kxb5
Kf2 60. c6 Kxe2 61. c7 Kxd3 62. c8=Q Rh6 63. Qc4+ Ke3 64. Qb3+ Ke2 65. Qaa2+
Bd2 66. Qbc2 Rh7 67. Qxd2+ Kf3 68. Qd1+ Kxe4 69. Qac2+ 1-0

[Event "I Trofeo Antica Scuola Napoletana"]
[Site "Napoli "]
[Date "2013.04.04"]
[Round "6"]
[White "Esposito, Rosario"]
[Black "Schiappoli, Dario"]
[Result "0-1"]
[WhiteElo "1818"]
[BlackElo "1922"]
[PlyCount "52"]
[EventDate "2013.02.21"]
[EventType "swiss"]
[EventRounds "7"]
[EventCountry "ITA"]
[SourceDate "2005.09.12"]

1. d4 Nf6 2. c4 c5 3. d5 e6 4. Nc3 exd5 5. cxd5 d6 6. e4 a6 7. a4 g6 8. Nf3 Bg7
9. Nd2 O-O 10. Be2 Nbd7 11. Nc4 Nb6 12. Nxb6 Qxb6 13. a5 Qc7 14. O-O Re8 15.
Qc2 Bd7 16. Bd2 b5 17. axb6 Qxb6 18. f3 Bb5 19. Bxb5 axb5 20. Kh1 Nd7 21. Qb3
b4 22. Ne2 Ne5 23. Ng3 h5 24. h3 Qb5 25. Rfd1 Nd3 26. Rab1 c4 0-1

[Event "I Trofeo Antica Scuola Napoletana"]
[Site "Napoli "]
[Date "2013.04.04"]
[Round "6"]
[White "Farina, Walter"]
[Black "Taurisano, Vincenzo"]
[Result "0-1"]
[WhiteElo "1628"]
[BlackElo "1854"]
[PlyCount "84"]
[EventDate "2013.02.21"]
[EventType "swiss"]
[EventRounds "7"]
[EventCountry "ITA"]
[SourceDate "2005.09.12"]

1. e4 c6 2. Nf3 d5 3. Nc3 d4 4. Ne2 c5 5. d3 Nc6 6. g3 e5 7. Bg2 Nf6 8. O-O Be7
9. Nd2 O-O 10. f4 exf4 11. Nxf4 Bg4 12. Bf3 Ne5 13. Bxg4 Nfxg4 14. Nf3 Qd7 15.
Nxe5 Nxe5 16. Nd5 Bd6 17. Rf6 Ng6 18. Rf5 Rae8 19. Bf4 Ne7 20. Nxe7+ Qxe7 21.
Qg4 Bxf4 22. gxf4 b6 23. Kf2 c4 24. Rg1 g6 25. Re5 Qc7 26. Rxe8 Rxe8 27. h4
cxd3 28. cxd3 Qc2+ 29. Qe2 Rc8 30. Re1 Kg7 31. Kf3 Kf6 32. Kg4 Qa4 33. b3 Qd7+
34. Kg3 Rc5 35. Qd2 Qc7 36. Qb2 Rc3 37. Rd1 Qc5 38. Rd2 Rc1 39. Rg2 Rd1 40. Rd2
Rg1+ 41. Rg2 Qc3 42. Qxc3 Rxg2+ 0-1

[Event "I Trofeo Antica Scuola Napoletana"]
[Site "Napoli "]
[Date "2013.04.04"]
[Round "6"]
[White "Gonzini, Gianmaria"]
[Black "Parente, Giuseppe"]
[Result "1-0"]
[WhiteElo "1984"]
[BlackElo "1744"]
[PlyCount "119"]
[EventDate "2013.02.21"]
[EventType "swiss"]
[EventRounds "7"]
[EventCountry "ITA"]
[SourceDate "2005.09.12"]

1. Nf3 Nf6 2. b4 d5 3. Bb2 Bf5 4. e3 e6 5. a3 Be7 6. Be2 Nbd7 7. d3 a6 8. Nbd2
c5 9. bxc5 Bxc5 10. c4 dxc4 11. Nxc4 O-O 12. O-O b5 13. Nce5 Nxe5 14. Nxe5 Rc8
15. e4 Bg6 16. Kh1 Bd4 17. Qb3 Rc5 18. f4 Bxe5 19. Bxe5 h6 20. Rfc1 Nd7 21. Bd6
Rxc1+ 22. Rxc1 Re8 23. g3 Qb6 24. Bb4 Qe3 25. Qd1 Qb6 26. Qg1 Qb7 27. Bf3 f5
28. Qg2 Rc8 29. Re1 Qc7 30. h4 a5 31. Bd2 Qd8 32. h5 Bf7 33. exf5 exf5 34. Qh3
Rc7 35. Be3 Qf6 36. Rb1 Be6 37. Rxb5 Qa1+ 38. Bg1 Rc1 39. Qg2 Qxa3 40. Bd5 Qd6
41. Qa2 Bxd5+ 42. Qxd5+ Qxd5+ 43. Rxd5 Nf6 44. Rxf5 a4 45. Kg2 a3 46. Ra5 Rc2+
47. Kf3 a2 48. Bd4 Rh2 49. Bxf6 gxf6 50. g4 Rd2 51. Ke4 Rb2 52. Ra7 Rb5 53.
Rxa2 Kf7 54. Ra7+ Ke6 55. Rh7 Rd5 56. Rxh6 Rd7 57. g5 Re7 58. Rxf6+ Kd7+ 59.
Kd5 Ke8 60. Ra6 1-0

[Event "I Trofeo Antica Scuola Napoletana"]
[Site "Napoli "]
[Date "2013.04.04"]
[Round "6"]
[White "Miccoli, Livio"]
[Black "Caporali, Dante"]
[Result "1-0"]
[WhiteElo "1614"]
[BlackElo "1729"]
[PlyCount "49"]
[EventDate "2013.02.21"]
[EventType "swiss"]
[EventRounds "7"]
[EventCountry "ITA"]
[SourceDate "2005.09.12"]

1. e4 e6 2. d4 d5 3. Nd2 Nf6 4. e5 Nfd7 5. Bd3 c5 6. c3 Nc6 7. Ne2 cxd4 8. Nxd4
Ndxe5 9. N2f3 Nxf3+ 10. Nxf3 g6 11. Bf4 Bg7 12. Qc2 O-O 13. O-O-O Bd7 14. Rde1
Rc8 15. Bd6 Ne7 16. h4 Bc6 17. Be5 d4 18. Bxg7 Kxg7 19. Nxd4 Bxg2 20. Rh2 Bd5
21. h5 Qd6 22. Rh4 Nf5 23. Bxf5 exf5 24. Qxf5 Qf6 25. h6+ 1-0

[Event "I Trofeo Antica Scuola Napoletana"]
[Site "Napoli "]
[Date "2013.04.04"]
[Round "6"]
[White "Seletsky, Grigory"]
[Black "Esposito, Luca"]
[Result "1/2-1/2"]
[WhiteElo "2337"]
[BlackElo "2285"]
[PlyCount "113"]
[EventDate "2013.02.21"]
[EventType "swiss"]
[EventRounds "7"]
[EventCountry "ITA"]
[SourceDate "2005.09.12"]

1. e4 c5 2. Nf3 d6 3. d4 cxd4 4. Nxd4 Nf6 5. Nc3 a6 6. f3 e5 7. Nb3 Be6 8. Be3
h5 9. Qd2 Nbd7 10. Be2 Be7 11. O-O O-O 12. Nd5 Nxd5 13. exd5 Bf5 14. c4 b6 15.
f4 Bg4 16. fxe5 Nxe5 17. Nd4 Bxe2 18. Qxe2 Bg5 19. Bf2 g6 20. b3 Re8 21. Rae1
Qd7 22. a4 Ng4 23. Qf3 Bd2 24. Re2 Bb4 25. Nc6 Rxe2 26. Qxe2 Re8 27. Qf3 Bc5
28. Bxc5 bxc5 29. h3 Ne5 30. Nxe5 Rxe5 31. a5 Qe7 32. Qf6 Re1 33. Qxe7 Rxe7 34.
Rf6 Rd7 35. Kf2 Kg7 36. Rf3 Re7 37. Rd3 f5 38. h4 Re4 39. g3 Kf6 40. Rf3 g5 41.
hxg5+ Kxg5 42. Rd3 Kf6 43. Rf3 Ke5 44. Rd3 h4 45. gxh4 Rxh4 46. Re3+ Re4 47.
Rh3 Kd4 48. Rh6 Kc3 49. Rxd6 Kxb3 50. Rxa6 Kxc4 51. d6 Kb5 52. d7 Rd4 53. Ra7
c4 54. Rc7 Kxa5 55. Rxc4 Rxd7 56. Rc5+ Kb6 57. Rxf5 1/2-1/2

[Event "I Trofeo Antica Scuola Napoletana"]
[Site "Napoli "]
[Date "2013.04.04"]
[Round "6"]
[White "Somma, Andrea"]
[Black "Radice, Mario"]
[Result "0-1"]
[WhiteElo "1923"]
[BlackElo "1913"]
[PlyCount "78"]
[EventDate "2013.02.21"]
[EventType "swiss"]
[EventRounds "7"]
[EventCountry "ITA"]
[SourceDate "2005.09.12"]

1. e4 e5 2. Nf3 Nc6 3. Bc4 Nf6 4. d3 Bc5 5. O-O d6 6. c3 Bg4 7. Nbd2 O-O 8. Re1
Re8 9. Nf1 Bb6 10. Ng3 Na5 11. Bb5 Nc6 12. h3 Bd7 13. Bc4 Na5 14. Bb3 Nxb3 15.
axb3 h6 16. Nh4 Ng4 17. hxg4 Qxh4 18. Be3 Bxg4 19. Qd2 Rf8 20. Bxb6 axb6 21. d4
Qf6 22. f3 Be6 23. d5 Bd7 24. Rf1 Qg6 25. Rxa8 Rxa8 26. Qf2 Rf8 27. f4 exf4 28.
Qxf4 Re8 29. Ra1 Re5 30. Ra8+ Kh7 31. Rd8 Rg5 32. Kf2 Rxg3 33. Rxd7 Rxg2+ 34.
Ke3 Rxb2 35. Rxf7 Qg1+ 36. Kd3 Qd1+ 37. Kc4 Qxb3+ 38. Kd3 Qd1+ 39. Ke3 Qe2+ 0-1

[Event "I Trofeo Antica Scuola Napoletana"]
[Site "Napoli "]
[Date "2013.04.11"]
[Round "7"]
[White "Auletta, Angelo"]
[Black "Seletsky, Grigory"]
[Result "0-1"]
[WhiteElo "2197"]
[BlackElo "2337"]
[PlyCount "62"]
[EventDate "2013.02.21"]
[EventType "swiss"]
[EventRounds "7"]
[EventCountry "ITA"]
[SourceDate "2005.09.12"]

1. e4 e6 2. d4 d5 3. Nc3 Nc6 4. Nf3 Nf6 5. Bg5 Be7 6. e5 Ne4 7. Bxe7 Qxe7 8.
Bd3 Qb4 9. O-O Nxc3 10. bxc3 Qxc3 11. Rb1 Qa3 12. Ng5 Qe7 13. Qg4 h6 14. Nh7
Rxh7 15. Bxh7 g6 16. Bxg6 fxg6 17. Qxg6+ Qf7 18. Qxh6 Nxd4 19. f4 b6 20. f5
Nxf5 21. Qg5 Ba6 22. Rf4 Kd7 23. Rg4 Be2 24. Qg6 Qe7 25. Rf4 Rh8 26. Kf2 Bh5
27. Qf6 Qc5+ 28. Kf1 Rf8 29. Qg5 Ne3+ 30. Kg1 Ng4+ 31. Kh1 Rxf4 0-1